Guess the Country for Each Team - Statistics

General Stats
  • This quiz has been taken 12 times
  • The average score is 8 of 15
Answer Stats
Team Country % Correct
Benevento Calcio Italy
100%
Swansea City A.F.C. Wales
100%
Scunthorpe England
89%
Goa India
89%
Deportivo de La Coruña Spain
89%
Nantes France
78%
Club Atlético Platense Argentina
56%
Henan China
44%
Atlas Mexico
44%
Tauranga City AFC New Zealand
44%
The Cong Vietnam
44%
Forge FC Canada
22%
S.C.U. Torreense Portugal
11%
Bendel Nigeria
0%
Scottland F.C. Zimbabwe
0%
No matching quizzes found
Score Distribution
Percent of People with Each Score
Percentile by Number Answered
Your Score History
You have not taken this quiz